Initial studies on the genotype environment interactions in some Hevea cultivars (Record no. 61407)

MARC details
000 -LEADER
fixed length control field 00516nam a2200157Ia 4500
100 ## - MAIN ENTRY--AUTHOR NAME
Personal name Jayasekera N E M
245 #0 - TITLE STATEMENT
Title Initial studies on the genotype environment interactions in some Hevea cultivars
260 ## - PUBLICATION, DISTRIBUTION, ETC. (IMPRINT)
Name of publisher Journal of the Rubber Research Institute of Sri Lanka : Conference Proceedings
Year of publication 1977
300 ## - PHYSICAL DESCRIPTION
Number of Pages 33-42
650 ## - SUBJECT ADDED ENTRY--TOPICAL TERM
Topical Term Genotype-environment-interactions
650 ## - SUBJECT ADDED ENTRY--TOPICAL TERM
Topical Term Hevea
700 ## - ADDED ENTRY--PERSONAL NAME
Personal name Karunasekara K B
700 ## - ADDED ENTRY--PERSONAL NAME
Personal name Samaranayake P
942 ## - ADDED ENTRY ELEMENTS (KOHA)
Koha item type Journals
Holdings
Withdrawn status Lost status Damaged status Not for loan Home library Current library Shelving location Date acquired Serial Enumeration / chronology Koha item type
      Journals RRII Library RRII Library Botany 17/12/2021 Volume 54, Issue Journals